| 000 | 00579cam a2200181Ia 4500 | ||
|---|---|---|---|
| 020 | _a0283061405 | ||
| 040 | _cDLM | ||
| 082 | 0 | 4 | _a940 SID 1993 A114 Or. |
| 245 | 0 | 4 | _aThe Imperial War Museum book of the Western Front / |
| 260 |
_aLondon : _bSidgwick & Jackson, _c1993 |
||
| 300 |
_axiii, 274 p. : _bill. (some col.), maps ; _c26 cm |
||
| 500 | _a"Published in association with the Imperial War Museum." | ||
| 650 | 0 | _aWorld War, 1914-1918 | |
| 650 | 0 | _aWorld War, 1914-1918 | |
| 650 | 0 | _aWorld War, 1914-1918 | |
| 710 | 2 | 0 | _aImperial War Museum (Great Britain) |
| 942 | _cEK | ||
| 999 |
_c16723 _d16723 |
||